|
|
|
|
| LEADER |
00000nam a22000007a 4500 |
| 005 |
20130430173659.0 |
| 007 |
cr|||| |||| |
| 008 |
130430e2012 it |||||s|||| 00||0 ita d |
| 020 |
|
|
|a 9788866111436
|
| 035 |
|
|
|a 11213
|
| 040 |
|
|
|a vLex
|
| 090 |
|
|
|c 4233
|d 4233
|
| 100 |
1 |
0 |
|a Kursa, Slawomir
|
| 245 |
1 |
3 |
|a La diseredazione nel diritto giustinianeo
|c / Slawomir Kursa
|h [Recurso electrn̤ico]
|
| 256 |
|
|
|a Servicio en ln̕ea
|
| 260 |
|
|
|a Bari :
|b Cacucci Editore,
|c 2012
|
| 300 |
|
|
|a 1 Recurso electrn̤ico
|
| 506 |
|
|
|d vLex Global
|d vLex Global (Academic Edition, excluding Law Schools)
|d vLex Global (U.S. Academic Edition, Law Schools)
|d vLex Global (U.S. Academic Edition, excluding Law Schools)
|d vLex Global (Academic Edition, Law Schools)
|
| 650 |
0 |
4 |
|a Derecho romano
|
| 650 |
0 |
4 |
|a Familia y sucesiones
|
| 650 |
0 |
4 |
|a Derecho justiniano
|
| 650 |
0 |
4 |
|a Herencias
|
| 650 |
0 |
4 |
|a Historia del Derecho
|
| 740 |
|
|
|a vLex Libros (Servicio en ln̕ea)
|
| 856 |
|
|
|a Acceso restringido
|u http://www.vlex.com/source/11213
|
| 942 |
|
|
|c BOOK
|
| 999 |
|
|
|a History of Law
|